00469nam a2200169Ia 450000500170000000800410001702000180005804100120007608200150008810000170010324500720012025000120019226000370020430000220024165000170026365000190028020260429112115.0260429s9999||||xx |||||||||||||| ||und|| a9781032988238 aEnglish a513.5bKAY aKay, Anthony 0aNumber systems : ba path into rigorous mathematics / cAnthony Kay a2nd ed. aBoca Raton : bCRC Press,c2026. axiii, 368 p.; pbk a Mathematics aNumber systems